00409nam a2200145Ia 4500003000400000008004100004040001600045082001300061100001900074245007400093260005100167300000800218650001600226650002100242GCL140319s9999 xx 000 0 eng d aGCL / cGCL04a420bC T1 aCRYSTAL, DAVID10aTHE CAMBRIDGE ENCYCLOPEDIA OF THE ENGLISH LANGUAGE / cCRYSTAL, DAVID a[S.N] : bCAMBRIDGE UNIVERSITY PRESS ، c1995 a48904aLINGUISTICS04aENGLISH LANGUAGE